Taylor Swift mystery lyrics #27 - Statistics

General Stats
  • This quiz has been taken 124 times
    94 since last reset
  • The average score is 259 of 352
Answer Stats
Answer % Correct
I
99%
a
97%
The
96%
the
96%
where
93%
You
93%
you
93%
it
92%
we
91%
your
89%
and
88%
And
88%
me
87%
know
86%
to
86%
in
84%
In
84%
It's
84%
it's
84%
were
84%
We're
84%
my
80%
be
79%
I'm
79%
love
79%
that
78%
now
75%
as
74%
go
74%
all
72%
hear
72%
like
72%
of
72%
then
72%
This
72%
would
71%
but
70%
how
70%
I'd
70%
knew
70%
too
70%
what
70%
did
68%
2
67%
never
67%
A.M.
66%
are
66%
for
66%
say
66%
wish
66%
Wish
66%
don't
64%
up
64%
could
63%
back
61%
here
61%
Here
61%
said
61%
always
59%
right
58%
think
58%
come
57%
'cause
55%
good
55%
live
55%
mad
55%
See
55%
us
55%
down
54%
nothing
54%
everything
53%
long
53%
car
51%
forget
51%
gave
51%
buttons
50%
push
50%
run
50%
around
49%
hung
49%
phone
49%
made
47%
room
46%
dark
45%
hate
45%
Makes
45%
makes
45%
miss
45%
much
45%
start
45%
still
45%
voice
45%
turn
43%
anymore
42%
line
42%
past
42%
face
41%
Stand
41%
stood
41%
straight
41%
wanna
41%
drive
39%
fighting
39%
hide
39%
ahead
38%
memories
38%
pass
38%
crooked
37%
street
37%
window
37%
remember
36%
Windows
36%
gonna
33%
Headlights
30%
pane
26%
rushing
12%
Guess
8%
No matching quizzes found
Score Distribution
Percent of People with Each Score
Percentile by Number Answered
Your Score History
You have not taken this quiz since the last reset